01206nam a2200193Ia 4500001001100000003001000011008004100021040002500062041001300087100002500100245010400125250001100229260009100240300001200331500026000343501011400603520026000717650003500977L430-25333IT-CnALBA170116s9999||||xx |||||||||||||| ||und|| aIT-CnALBAcIT-CnALBA aITALIANO aDE BARTOLOMEIS LUIGI 0aCORSO TEORICO E PRATICO DI GRAMMATICA TEDESCA AD USO DEGLI ALLIEVI DELLA REGIA MILITARE ACCADEMIA.  a1a ed. a TORINO, MILANO, ROMAbREALE STAMPERIA c1834 [1° Ed.:1834 - Ed.Ling.Originale: 1834] a497 p.  aTAVOLA DELLE ABBREVIAZIONI E NOMI DEGLI AUTORI. GRAMMATICA. ARTE DELLA PAROLA. RETTA PRONUNCIA. PARTI DEL DISCORSO. DECLINAZIONE. SINTASSI. ORTOGRAFIA GRAMMATICALE. FIGURATA. ESERCIZI. TRADUZIONI DAL TEDESCO IN ITALIANO. VERBI IRREGOLARI. STORIA DELLA LIN aSocietà San Paolo EM - Piazza San Paolo, 14 - 12051 ALBA (CN) (non commercial uses only) ® Copyright 2017 aTAVOLA DELLE ABBREVIAZIONI E NOMI DEGLI AUTORI. GRAMMATICA. ARTE DELLA PAROLA. RETTA PRONUNCIA. PARTI DEL DISCORSO. DECLINAZIONE. SINTASSI. ORTOGRAFIA GRAMMATICALE. FIGURATA. ESERCIZI. TRADUZIONI DAL TEDESCO IN ITALIANO. VERBI IRREGOLARI. STORIA DELLA LIN aLINGUE GERMANICHE, MISCELLANEA